Multiple Choice City Quiz – Providence - Statistics

General Stats
  • This quiz has been taken 46 times
  • The average score is 6 of 10
Answer Stats
Question Answer % Correct
What U.S. state is Providence the capital of? Rhode Island
97%
What large bay is located to the south? Narragansett Bay
86%
What Ivy League university is located in Providence? Brown
74%
Who founded Providence in 1636 after being exiled from a nearby colony? Roger Williams
71%
Fill in the blank: "State of ... and Providence ______" Plantations
60%
What is Providence's main airport called? T.F. Green
60%
Three of these 4 places are in Providence. Which one isn't? The Breakers
57%
And what suburb is home to the above airport? Warwick
54%
Which of these famous writers was born in Providence? H.P. Lovecraft
51%
Which number is closest to Providence's 2020 population? 190,000
26%
No matching quizzes found
Score Distribution
Percent of People with Each Score
Percentile by Number Answered
Your Score History
You have not taken this quiz